Kāvyārādhana. (Record no. 74180)

MARC details
000 -LEADER
fixed length control field 00568cam a22002291 4500
001 - CONTROL NUMBER
control field sa 67003929
003 - CONTROL NUMBER IDENTIFIER
control field DLC
005 - DATE AND TIME OF LATEST TRANSACTION
control field 20260227112342.0
008 - FIXED-LENGTH DATA ELEMENTS--GENERAL INFORMATION
fixed length control field 900105s1966 ii b 000 0 kano
010 ## - LIBRARY OF CONGRESS CONTROL NUMBER
LC control number sa 67003929
035 ## - SYSTEM CONTROL NUMBER
System control number (OCoLC)20851286
040 ## - CATALOGING SOURCE
Original cataloging agency DLC
Transcribing agency WaU
Modifying agency DLC
042 ## - AUTHENTICATION CODE
Authentication code premarc
050 00 - LIBRARY OF CONGRESS CALL NUMBER
Classification number PK2903
Item number .K67
100 1# - MAIN ENTRY--PERSONAL NAME
Personal name Kr̥ṣṇakumār, Si. Pi.,
Dates associated with a name 1939-
245 10 - TITLE STATEMENT
Title Kāvyārādhana.
260 ## - PUBLICATION, DISTRIBUTION, ETC.
Date of publication, distribution, etc. [1966]
300 ## - PHYSICAL DESCRIPTION
Extent 7, 220 p.
Dimensions 19 cm.
500 ## - GENERAL NOTE
General note In Kannada.
504 ## - BIBLIOGRAPHY, ETC. NOTE
Bibliography, etc. note Bibliographical footnotes.
650 #0 - SUBJECT ADDED ENTRY--TOPICAL TERM
Topical term or geographic name entry element Indic literature.

No items available.

Powered by Koha